LEADER 02042nam0 2200325 450 001 000008841 005 20220510114342.0 012 $ao-be eae- i.hi lume (3) 1823 (A)$2fei$5UNIPARTHENOPE 100 $a20080115d1823----km-y0itay50------ba 101 0 $aita 102 $aIT 140 $aa---a---uba------yyyaa0000-- 141 $ag--u0dc-$5UNIPARTHENOPE-------------------------------------------------------------- 200 1 $aDivinazione sulla geometria analitica degli antichi, ovvero sul metodo usato dalle greche scuole nella risoluzione de' problemi, opera di Giuseppe Scorza, professore di matematica sublime nella Reale Accademia di Marina 210 $aNapoli$cdalla Stamperia Reale$d1823 215 $a303, [1] p., XI c. di tav. ripieg.$cill.$d8° 307 $aSegnatura: 1-19/8 316 $aLegatura in carta (23x15x3 cm); carte intonse e non rifilate; fascicoli slegati; macchie di umidità$5UNIPARTHENOPE 317 $aSul piatto anteriore dedica ms.: Al chiarissimo professore ... D. Fedele Amante. L'autore; ivi, ancora, LIB-III-3-41 [n.i.]; sul front. antiche segnature mss.: 2L-V-14 [n.i.]; VII 94 Ingresso N.° 1785 del Registro inventario della Regia Marina Biblioteca dipartimentale di Napoli; ivi, inoltre, class. Dewey dell'IUN: S. 516.3; timbro A della Reale Biblioteca di Marina: front., 1/2r, c. di tav.; timbro B della stessa: 1/14r, 19/7v$5UNIPARTHENOPE 620 $aItalia$dNapoli 676 $a516.3$v21$9Geometrie analitiche 700 1$aScorza,$bGiuseppe$028670 702 1$aAmante,$bFedele$4280 712 02$aStamperia reale$e$4650 712 02$aDue Sicilie : Ministero della guerra e della marina$4390 801 0$aIT$bUNIPARTHENOPE$c20080115$gRICA$2UNIMARC 912 $a000008841 951 $aBORB-A/21$b1785$cFB$d2008 996 $aDivinazione sulla geometria analitica degli antichi, ovvero sul metodo usato dalle greche scuole nella risoluzione de' problemi, opera di Giuseppe Scorza, professore di matematica sublime nella Reale Accademia di Marina$91204654 997 $aUNIPARTHENOPE LEADER 01179nam 2200385 450 001 9910583085303321 035 $a(CKB)3710000000941752 035 $a(MiAaPQ)EBC4737257 035 $a(PPN)198057865 035 $a(EXLCZ)993710000000941752 100 $a20161118h20162016 uy 0 101 0 $aeng 135 $aurcnu|||||||| 181 $2rdacontent 182 $2rdamedia 183 $2rdacarrier 200 10$aLiquid-gas and solid-gas separator /$fJean-Paul Duroudier 210 1$aLondon, [England] ;$aOxford, [England] :$cISTE Press :$cElsevier,$d2016. 210 4$d©2016 215 $a1 online resource (178 pages) $cillustrations 225 0 $aIndustrial Equipment for Chemical Engineering Set 311 $a1-78548-181-9 311 $a0-08-101781-2 320 $aIncludes bibliographical references and index. 606 $aGas separation membranes 615 0$aGas separation membranes. 676 $a660.043 700 $aDuroudier$b Jean-Paul$0855311 801 0$bMiAaPQ 801 1$bMiAaPQ 801 2$bMiAaPQ 906 $aBOOK 912 $a9910583085303321 996 $aLiquid-gas and solid-gas separator$91953701 997 $aUNINA